[Event "Championnat de France des Jeunes - Benja"]
[Site "TROYES"]
[Date "2010.04.12"]
[Round "3.4"]
[White "Bourgeois, Florian"]
[Black "Kambrath, Yannick"]
[Result "0-1"]
[WhiteElo "1805"]
[BlackElo "1941"]
[PlyCount "68"]
[EventDate "2010.??.??"]

1. e4 e5 2. Nc3 Nf6 3. Bc4 Bc5 4. d3 d6 5. h3 h6 6. f4 a6 7. a3 Nc6 8. Nf3 Nh5
9. fxe5 Nxe5 10. d4 Nxc4 11. dxc5 O-O 12. b3 Qf6 13. Qd3 Ne5 14. Nxe5 dxe5 15.
Be3 Qh4+ 16. Bf2 Qg5 17. O-O f5 18. Qd5+ Kh8 19. Qxe5 Nf4 20. Bg3 Qxg3 21. Rxf4
Bd7 22. Raf1 Qe3+ 23. Kh1 Rae8 24. Qxc7 Bc6 25. Nd5 Qxc5 26. Rxf5 Rxf5 27. Rxf5
Rxe4 28. Qf7 Re1+ 29. Kh2 Bxd5 30. Rxd5 Qg1+ 31. Kg3 Re3+ 32. Kh4 Qe1+ 33. Kh5
Qe2+ 34. Kh4 g5+ 0-1

[Event "Championnat de France des Jeunes - Benja"]
[Site "TROYES"]
[Date "2010.04.12"]
[Round "3.5"]
[White "Malka, Samuel"]
[Black "Dupouy, Francois"]
[Result "0-1"]
[WhiteElo "1919"]
[BlackElo "1813"]
[PlyCount "86"]
[EventDate "2010.??.??"]

1. d4 Nf6 2. c4 c5 3. d5 b5 4. cxb5 a6 5. b6 e6 6. Nc3 Bb7 7. e4 exd5 8. exd5
d6 9. a4 a5 10. Bb5+ Nbd7 11. Nf3 Be7 12. O-O O-O 13. Bc6 Qxb6 14. Bxb7 Qxb7
15. Qd3 Nb6 16. Rd1 Ne8 17. Ng5 g6 18. Nge4 Nc7 19. Bh6 Rfe8 20. Nxc5 dxc5 21.
d6 Rad8 22. Qg3 Bxd6 23. Rxd6 Nc4 24. Rxd8 Rxd8 25. b3 Nd6 26. Rd1 Qb6 27. Qe5
Ne6 28. Nd5 Nf5 29. Bg5 Nxg5 30. h4 Rxd5 31. Rxd5 Ne6 32. Qf6 Qxb3 33. Rd7 Nh6
34. Qa1 c4 35. Ra7 c3 36. Rxa5 c2 37. Ra8+ Nf8 38. Qf1 Qc3 39. Qc1 Nf5 40. Rd8
Qb3 41. Rd2 Nd4 42. Kh2 Qb1 43. Rxc2 Qxc2 0-1

[Event "Championnat de France des Jeunes - Benja"]
[Site "TROYES"]
[Date "2010.04.12"]
[Round "3.6"]
[White "Rouffignac, Tanguy"]
[Black "Bellahcene, Rayane"]
[Result "1-0"]
[WhiteElo "1885"]
[BlackElo "1802"]
[PlyCount "61"]
[EventDate "2010.??.??"]

1. e4 c5 2. Nf3 e6 3. Nc3 Nc6 4. d4 cxd4 5. Nxd4 Qc7 6. Be3 a6 7. Bd3 Nf6 8.
O-O Ne5 9. h3 Bc5 10. Kh1 b5 11. f4 Nxd3 12. cxd3 Qb6 13. Nce2 d6 14. Bg1 e5
15. fxe5 dxe5 16. Nf5 Bxg1 17. Nxg1 g6 18. Ng3 O-O 19. Nf3 Nd7 20. Rc1 Bb7 21.
b4 Rac8 22. Rxc8 Rxc8 23. Ng5 Qe3 24. Qg4 f5 25. Nxf5 gxf5 26. Qxf5 Nf8 27.
Qf7+ Kh8 28. Qf6+ Kg8 29. Qf7+ Kh8 30. Qe7 Kg8 31. Rxf8+ 1-0

[Event "Championnat de France des Jeunes - Benja"]
[Site "TROYES"]
[Date "2010.04.12"]
[Round "3.7"]
[White "Bach, Anatole"]
[Black "Bordais, Benjamin"]
[Result "1-0"]
[WhiteElo "1842"]
[BlackElo "1778"]
[PlyCount "107"]
[EventDate "2010.??.??"]

1. e4 c6 2. d4 d5 3. Nc3 dxe4 4. Nxe4 Bf5 5. Ng3 Bg6 6. h4 h6 7. Nf3 Nd7 8. h5
Bh7 9. Bd3 Bxd3 10. Qxd3 Ngf6 11. Bf4 Qa5+ 12. Bd2 Qc7 13. O-O-O e6 14. Ne4
Nxe4 15. Qxe4 Nf6 16. Qe2 Bd6 17. Ne5 O-O-O 18. g3 c5 19. Bf4 Nd5 20. Kb1 Nxf4
21. gxf4 Bxe5 22. dxe5 Qc6 23. b3 c4 24. Qxc4 Qxc4 25. bxc4 Rxd1+ 26. Rxd1 g6
27. hxg6 fxg6 28. Kc1 h5 29. Rg1 Rh6 30. Kd2 Kd7 31. Ke3 Kc6 32. Kd4 h4 33. Rh1
h3 34. c3 h2 35. Ke4 Kb6 36. Kf3 Ka5 37. Kg2 Ka4 38. Rxh2 Rxh2+ 39. Kxh2 Ka3
40. Kg3 Kxa2 41. Kg4 Kb3 42. Kg5 a5 43. Kxg6 a4 44. f5 a3 45. fxe6 a2 46. e7
a1=Q 47. e8=Q Qg1+ 48. Kf7 Qxf2+ 49. Ke7 Kxc4 50. Qc8+ Kd5 51. Qe6+ Kc5 52.
Qd6+ Kb5 53. Qb4+ Kc6 54. Qc4+ 1-0

[Event "Championnat de France des Jeunes - Benja"]
[Site "TROYES"]
[Date "2010.04.12"]
[Round "3.8"]
[White "Grandadam, Patrick"]
[Black "Grundman, Anatole"]
[Result "1-0"]
[WhiteElo "2104"]
[BlackElo "1742"]
[PlyCount "89"]
[EventDate "2010.??.??"]

1. Nf3 Nf6 2. c4 g6 3. Nc3 Bg7 4. e4 d6 5. d4 O-O 6. Be2 e5 7. O-O Nc6 8. d5
Ne7 9. Ne1 Ne8 10. f3 f5 11. g4 Nf6 12. h4 h6 13. Nd3 Nd7 14. Kg2 a5 15. Rb1 b6
16. a3 Ba6 17. b3 Nc5 18. Be3 Qd7 19. b4 axb4 20. axb4 Nxd3 21. Bxd3 Bc8 22.
Be2 Ra3 23. Qc1 Ra8 24. Bxh6 Rf7 25. Bxg7 Rxg7 26. Ra1 Rxa1 27. Qxa1 Rh7 28.
Rh1 fxg4 29. fxg4 Rf7 30. Rf1 Rxf1 31. Qxf1 Kg7 32. Qf3 Ng8 33. g5 Qf7 34.
Qxf7+ Kxf7 35. Nb5 Bd7 36. Nxc7 Ne7 37. Kg3 Ba4 38. Na8 Bc2 39. Kf3 Nc8 40. Ke3
Ke7 41. Bg4 Kd8 42. Bxc8 Kxc8 43. Nxb6+ Kc7 44. c5 Bb3 45. h5 1-0

[Event "Championnat de France des Jeunes - Benja"]
[Site "TROYES"]
[Date "2010.04.12"]
[Round "3.9"]
[White "Bernard, Alien"]
[Black "Lamard, Guillaume"]
[Result "0-1"]
[WhiteElo "1802"]
[BlackElo "2117"]
[PlyCount "60"]
[EventDate "2010.??.??"]

1. e4 e5 2. Nc3 Nf6 3. f4 d5 4. fxe5 Nxe4 5. Qf3 f5 6. d3 Nxc3 7. bxc3 d4 8.
Qf4 Nc6 9. Nf3 dxc3 10. Qc4 Nb4 11. Qxc3 Nd5 12. Qb3 Bb4+ 13. Kf2 Bc5+ 14. Ke1
c6 15. Rb1 O-O 16. c4 Nc7 17. Bb2 Ne6 18. Qc3 Qe7 19. a3 Rd8 20. Qc1 f4 21. Be2
Be3 22. Qc2 c5 23. Bc3 Rb8 24. Qa4 b6 25. Rd1 Qc7 26. d4 cxd4 27. Nxd4 Nxd4 28.
Bxd4 b5 29. cxb5 Bxd4 30. Rxd4 Qc3+ 0-1

[Event "Championnat de France des Jeunes - Benja"]
[Site "TROYES"]
[Date "2010.04.12"]
[Round "3.10"]
[White "Gelas, Christophe"]
[Black "Dumas, Charles"]
[Result "1-0"]
[WhiteElo "2000"]
[BlackElo "1796"]
[PlyCount "55"]
[EventDate "2010.??.??"]

1. d4 f5 2. Nf3 Nf6 3. g3 e6 4. Bg2 c6 5. O-O d5 6. Nbd2 Bd6 7. c4 b6 8. Qc2 g6
9. Nb3 O-O 10. c5 Bc7 11. a4 Ne4 12. Bf4 Bxf4 13. gxf4 h6 14. Ne5 g5 15. f3 Nf6
16. fxg5 hxg5 17. cxb6 axb6 18. Nxc6 Nxc6 19. Qxc6 Bd7 20. Qd6 Qe8 21. a5 Ba4
22. Ra3 Bxb3 23. Rxb3 bxa5 24. Rb6 Kf7 25. Rc1 Rc8 26. Rb7+ Kg8 27. Rxc8 Qxc8
28. Qe7 1-0

[Event "Championnat de France des Jeunes - Benja"]
[Site "TROYES"]
[Date "2010.04.12"]
[Round "3.1"]
[White "Navrotescu, Andreea-Cristiana"]
[Black "Dieuleveut, Floriane"]
[Result "1-0"]
[WhiteElo "1930"]
[BlackElo "1613"]
[PlyCount "69"]

1. d4 Nf6 2. c4 g6 3. Nc3 Bg7 4. e4 d6 5. Nge2 O-O 6. Ng3 Nfd7 7. Be2 Nc6 8.
Be3 e5 9. d5 Ne7 10. O-O f5 11. exf5 Nxf5 12. Qd2 Nxe3 13. Qxe3 Nf6 14. Nge4
Ng4 15. Qg3 Rf4 16. h3 Nf6 17. Nxf6+ Qxf6 18. b3 a6 19. Bg4 Bxg4 20. hxg4 Qg5
21. f3 Qe7 22. Ne4 Raf8 23. Qe1 Bh6 24. Qe2 Kh8 25. g3 R4f7 26. Kg2 Qd8 27. Rh1
Bg7 28. Raf1 Qe7 29. Qe3 Bf6 30. Qh6 g5 31. Rh5 Rg8 32. Rhh1 Qf8 33. Nxf6 Qxh6
34. Rxh6 Kg7 35. Nxg8 1-0

[Event "Championnat de France des Jeunes - Benja"]
[Site "TROYES"]
[Date "2010.04.12"]
[Round "3.2"]
[White "Canterel, Cecile"]
[Black "Dol, Cecile"]
[Result "1/2-1/2"]
[WhiteElo "1840"]
[BlackElo "1610"]
[PlyCount "90"]
[EventDate "2010.??.??"]

1. d4 d5 2. c4 dxc4 3. Nf3 e6 4. Qa4+ Bd7 5. Qxc4 Nf6 6. g3 Qc8 7. Bg2 Be7 8.
O-O O-O 9. Bf4 Nd5 10. Bd2 a6 11. Qc2 c5 12. dxc5 Qxc5 13. Qxc5 Bxc5 14. Nc3
Bc6 15. Rac1 Bb6 16. Rfe1 Nd7 17. Nxd5 Bxd5 18. a3 Rac8 19. Bb4 Rfd8 20. e4 Bc6
21. Nd2 Nf6 22. Nc4 Bc7 23. Ba5 h6 24. Bxc7 Rxc7 25. Na5 Rdc8 26. Nxc6 Rxc6 27.
Rxc6 Rxc6 28. h3 Rc7 29. Re2 Kf8 30. f4 b6 31. Kf2 Ke7 32. Rd2 Rc4 33. Ke3 Rc7
34. g4 Rc5 35. Bf1 a5 36. Bd3 Nd7 37. e5 f6 38. exf6+ Nxf6 39. Rc2 Nd5+ 40. Kf3
Kd6 41. Rxc5 Kxc5 42. Ke4 Kd6 43. Be2 Nf6+ 44. Kd4 Nd5 45. Ke4 Nf6+ 1/2-1/2

[Event "Championnat de France des Jeunes - Benja"]
[Site "TROYES"]
[Date "2010.04.12"]
[Round "3.3"]
[White "Susini, Lisa"]
[Black "Bellaiche, Elise"]
[Result "0-1"]
[WhiteElo "1601"]
[BlackElo "1833"]
[PlyCount "158"]
[EventDate "2010.??.??"]

1. d4 d5 2. c4 c6 3. Nc3 Nf6 4. Nf3 dxc4 5. e3 b5 6. Be2 e6 7. O-O Be7 8. a3
O-O 9. b3 cxb3 10. Qxb3 Nbd7 11. Bd2 a6 12. Rfb1 c5 13. dxc5 Nxc5 14. Qc2 Bd7
15. Ne5 Qc7 16. Nxd7 Qxd7 17. Rd1 Qc7 18. Be1 Rac8 19. Rac1 Rfd8 20. Rxd8+ Rxd8
21. Qb1 Qb6 22. Kh1 Ncd7 23. Qb2 Nc5 24. Qb1 e5 25. e4 Ne6 26. Qb2 Nd4 27. Bf1
h6 28. f3 Bc5 29. Ne2 Qd6 30. Bb4 Bxb4 31. axb4 Nxe2 32. Bxe2 Qd2 33. Qxd2 Rxd2
34. Bf1 Rb2 35. Ra1 Rxb4 36. Rxa6 Rb1 37. Kg1 b4 38. Kf2 Kf8 39. Ra7 Nh5 40.
Bc4 Rb2+ 41. Kf1 Rb1+ 42. Kf2 Rc1 43. Bxf7 Nf4 44. Bb3 Rc3 45. Bd1 Rd3 46. Ra1
Rd2+ 47. Ke3 Rxg2 48. Rb1 Rxh2 49. Rxb4 Kf7 50. Rb7+ Kf6 51. Rb6+ Kg5 52. Rb5
Kg6 53. Rb6+ Kf7 54. Rb7+ Kg6 55. Rb6+ Kh7 56. Rb5 Ng6 57. Rb8 h5 58. Bb3 Kh6
59. Bf7 h4 60. Rb6 Rg2 61. Be6 Nf4 62. Bh3+ Rg6 63. Rxg6+ Kxg6 64. Bf5+ Kg5 65.
Kf2 Kf6 66. Kg1 Ke7 67. Kf2 Kd6 68. Kg1 Kc5 69. Kf2 Kd4 70. Bg4 g6 71. Kg1 Ke3
72. Kf1 h3 73. Kg1 Ke2 74. Kh1 Kf1 75. Kh2 Kf2 76. Kh1 Kg3 77. Kg1 h2+ 78. Kh1
Nd3 79. Bh5 Nf2# 0-1

[Event "Championnat de France des Jeunes - Benja"]
[Site "TROYES"]
[Date "2010.04.12"]
[Round "3.4"]
[White "Abidi, Hasma"]
[Black "Sriskantharajah, Niruja"]
[Result "1/2-1/2"]
[WhiteElo "1740"]
[BlackElo "1581"]
[PlyCount "130"]
[EventDate "2010.??.??"]

1. d4 d5 2. Nf3 Nf6 3. c4 c6 4. e3 e6 5. Nc3 Nbd7 6. Bd3 dxc4 7. Bxc4 b5 8. Bd3
a6 9. Qc2 Be7 10. O-O c5 11. Rd1 Qb6 12. Ne4 Bb7 13. dxc5 Bxc5 14. Nxf6+ Nxf6
15. Be2 O-O 16. b3 Rac8 17. Qb2 Rc7 18. Qe5 Rfc8 19. Bb2 Be7 20. Rac1 Qa5 21.
Rxc7 Rxc7 22. a4 Qb6 23. axb5 Bxf3 24. Bxf3 Rc5 25. Qd4 Rxb5 26. Qxb6 Rxb6 27.
Rd3 h6 28. Bd1 Nd5 29. e4 Nf4 30. Rd7 Rd6 31. Rxd6 Bxd6 32. g3 Nd3 33. Bc3 Bc5
34. Kf1 Nxf2 35. Bf3 Nd3 36. Kg2 Nb4 37. Be2 a5 38. Kf3 Nc6 39. Bc4 Nd4+ 40.
Kg2 Nc6 41. Bb5 Nb4 42. Kf1 Kf8 43. Ke2 f6 44. Bc4 e5 45. Kf3 Nc6 46. Kg4 g6
47. Bd2 Kg7 48. h4 h5+ 49. Kh3 Bb6 50. g4 hxg4+ 51. Kxg4 Nd4 52. b4 axb4 53.
Bxb4 Nc6 54. Bd6 Na5 55. Bd5 Bd8 56. h5 gxh5+ 57. Kxh5 Kh7 58. Bf8 Bc7 59. Be7
Kg7 60. Bc5 Kh7 61. Kg4 Kg6 62. Bf2 Bd6 63. Bb6 Bb4 64. Kf3 f5 65. Bc7 fxe4+
1/2-1/2

[Event "Championnat de France des Jeunes - Benja"]
[Site "TROYES"]
[Date "2010.04.12"]
[Round "3.5"]
[White "Kambrath, Linda"]
[Black "Fischer, Julie"]
[Result "0-1"]
[WhiteElo "1587"]
[BlackElo "1721"]
[PlyCount "70"]
[EventDate "2010.??.??"]

1. e4 d5 2. exd5 Qxd5 3. Nf3 Nf6 4. Be2 e5 5. c4 Qd6 6. d3 Nc6 7. Nc3 Bf5 8.
Be3 Nb4 9. Qa4+ Bd7 10. Qd1 Bc6 11. c5 Qe6 12. a3 Nbd5 13. Nxd5 Nxd5 14. Qc2
Nxe3 15. fxe3 O-O-O 16. e4 Be7 17. O-O g5 18. b4 Kb8 19. a4 g4 20. Nd2 Bg5 21.
Nc4 a6 22. Rfb1 b5 23. cxb6 cxb6 24. Nxb6 Be3+ 25. Kh1 Bxb6 26. b5 axb5 27.
axb5 Bb7 28. Qa4 Rd4 29. Qc2 Rc8 30. Qd2 Bxe4 31. Ra6 Bb7 32. Rba1 Qd5 33. Bf1
h5 34. Qh6 Rf4 35. R6a2 Qd4 0-1

[Event "Championnat de France des Jeunes - Benja"]
[Site "TROYES"]
[Date "2010.04.12"]
[Round "3.6"]
[White "Bekhouche, Marion"]
[Black "Desarnaud, Manon"]
[Result "1-0"]
[WhiteElo "1707"]
[BlackElo "1570"]
[PlyCount "80"]
[EventDate "2010.??.??"]

1. d4 d5 2. Nf3 Nf6 3. c4 c6 4. Nc3 Bf5 5. Qb3 Qd7 6. cxd5 cxd5 7. Ne5 Qc7 8.
Nxd5 Nxd5 9. Qxd5 e6 10. Qc4 Qxc4 11. Nxc4 Nc6 12. e3 a6 13. Be2 b5 14. Nd2 Bd6
15. O-O O-O 16. Bf3 Rac8 17. Ne4 Bxe4 18. Bxe4 f5 19. Bf3 e5 20. Rd1 Rfd8 21.
Bxc6 Rxc6 22. dxe5 Bc7 23. Rxd8+ Bxd8 24. Bd2 Bc7 25. Bc3 a5 26. a3 a4 27. Rd1
Bb6 28. g3 g6 29. Rd7 h5 30. h4 Kf8 31. Kg2 Kg8 32. Kf3 Kf8 33. Rd6 Rxd6 34.
exd6 Bc5 35. Bb4 Bb6 36. Kf4 Kg7 37. Ke5 Kf7 38. Kd5 Bd8 39. Kc6 Ke6 40. Kxb5
Ke5 1-0

[Event "Championnat de France des Jeunes - Benja"]
[Site "TROYES"]
[Date "2010.04.12"]
[Round "3.7"]
[White "Savalle, Mathilde"]
[Black "Nolot, Clementine"]
[Result "0-1"]
[WhiteElo "1580"]
[BlackElo "1672"]
[PlyCount "90"]
[EventDate "2010.??.??"]

1. e4 e5 2. Nf3 Nc6 3. d4 exd4 4. Nxd4 Bc5 5. Be3 Qf6 6. c3 Nge7 7. Bc4 Ne5 8.
Bb3 O-O 9. Nc2 Bxe3 10. Nxe3 d6 11. O-O Qg6 12. Nd2 N7c6 13. f4 Nd3 14. Bc2 Nc5
15. b4 Nd7 16. Nd5 Nb6 17. Nxc7 Rb8 18. Nd5 Bg4 19. Qb1 Qh6 20. Nxb6 axb6 21.
h3 Bd7 22. Nc4 b5 23. Nb6 Be6 24. Bb3 Rbd8 25. Nd5 Rd7 26. Qd3 Na7 27. a4 bxa4
28. Bxa4 Rdd8 29. Bc2 Nc6 30. b5 Nb8 31. Ra7 Nd7 32. Ne7+ Kh8 33. f5 Nc5 34.
Qe2 Bd7 35. c4 Rfe8 36. Nd5 f6 37. Re1 Bxf5 38. Qf3 Qh4 39. Re2 Bxe4 40. Bxe4
Nxe4 41. Rxb7 Nd2 42. Rxe8+ Rxe8 43. Qf5 Qe1+ 44. Kh2 Nf1+ 45. Kg1 Ng3+ 0-1

[Event "Championnat de France des Jeunes - Benja"]
[Site "TROYES"]
[Date "2010.04.12"]
[Round "3.8"]
[White "Vignette, Jeanne"]
[Black "Bertrand, Meryl"]
[Result "1-0"]
[WhiteElo "1568"]
[BlackElo "1632"]
[PlyCount "43"]
[EventDate "2010.??.??"]

1. e4 e5 2. Nf3 Nc6 3. Bc4 Bc5 4. c3 Nf6 5. d4 exd4 6. cxd4 Bb4+ 7. Nc3 Nxe4 8.
O-O Bxc3 9. d5 Ne7 10. bxc3 O-O 11. Qd4 Nf6 12. Bg5 Ng6 13. h4 h6 14. h5 Nh8
15. Bh4 d6 16. Nh2 Re8 17. Rae1 Rxe1 18. Rxe1 Bf5 19. g4 Bh7 20. g5 Nxd5 21.
gxh6 Qxh4 22. Qxh4 1-0

[Event "Championnat de France des Jeunes - Benja"]
[Site "TROYES"]
[Date "2010.04.12"]
[Round "3.9"]
[White "Dusserre, Salome"]
[Black "Nourani, Maral"]
[Result "0-1"]
[WhiteElo "1490"]
[BlackElo "1690"]
[PlyCount "112"]
[EventDate "2010.??.??"]

1. e4 c5 2. Nf3 a6 3. c3 e6 4. d4 d5 5. exd5 exd5 6. Be3 cxd4 7. Nxd4 Bc5 8.
Be2 Nf6 9. O-O O-O 10. Bf3 Qb6 11. Qd2 Nc6 12. Rd1 Ne5 13. Be2 Ne4 14. Qc2 f5
15. b4 Bxd4 16. Bxd4 Qe6 17. Na3 f4 18. f3 Nf6 19. c4 Kh8 20. Re1 Nc6 21. Qc3
Nxd4 22. Qxd4 Bd7 23. cxd5 Qe3+ 24. Qxe3 fxe3 25. Rad1 Rad8 26. Bc4 Bb5 27. Bb3
e2 28. Rd2 Bc6 29. d6 Ne8 30. Rdxe2 Nxd6 31. Nc4 Bb5 32. Rc2 Bxc4 33. Bxc4 Rc8
34. Rec1 Rf4 35. Be6 Rxc2 36. Rxc2 Rxb4 37. Rd2 Rb6 38. f4 g6 39. g3 Ne4 40.
Rc2 Rxe6 41. Rc8+ Kg7 42. Rc7+ Kh6 43. Rxb7 Nc5 44. Rb2 Na4 45. Rc2 Rb6 46. h3
Rb2 47. Rc6 Nb6 48. a4 a5 49. Rc5 Nxa4 50. Rxa5 Nc3 51. g4 Rb5 52. Ra3 Ne2+ 53.
Kf2 Nxf4 54. Rf3 g5 55. h4 Rb2+ 56. Kg3 Rg2# 0-1

[Event "Championnat de France des Jeunes - Benja"]
[Site "TROYES"]
[Date "2010.04.12"]
[Round "3.10"]
[White "Likhoded, Victoria"]
[Black "Mouzayek, Sarah"]
[Result "1-0"]
[WhiteElo "1677"]
[BlackElo "1490"]
[PlyCount "83"]
[EventDate "2010.??.??"]

1. c4 e6 2. Nc3 Nf6 3. Nf3 Nc6 4. d4 Bb4 5. Bg5 d5 6. cxd5 exd5 7. Qb3 Bxc3+ 8.
Qxc3 Qd6 9. Bxf6 Qxf6 10. e3 O-O 11. h3 a6 12. Qb3 Rd8 13. Bd3 Bf5 14. Bxf5
Qxf5 15. Qxb7 Qd7 16. Rc1 Na5 17. Qxc7 Qxc7 18. Rxc7 Rab8 19. b3 Rdc8 20. Rxc8+
Rxc8 21. Kd2 f6 22. Rc1 Rxc1 23. Kxc1 Nc6 24. a3 a5 25. Kc2 Kf7 26. Kc3 Na7 27.
b4 a4 28. Nd2 Nb5+ 29. Kb2 Ke6 30. Nb1 Kd6 31. Nc3 Kc6 32. Nxb5 Kxb5 33. Kc3 f5
34. g4 g6 35. gxf5 gxf5 36. f3 h6 37. h4 h5 38. Kd3 Kc6 39. e4 f4 40. exd5+
Kxd5 41. b5 Kd6 42. Kc4 1-0

[Event "Championnat de France des Jeunes - Pupil"]
[Site "TROYES"]
[Date "2010.04.12"]
[Round "3.1"]
[White "Bellahcene, Bilel"]
[Black "Vigna, Leo"]
[Result "1-0"]
[WhiteElo "2072"]
[BlackElo "1760"]
[PlyCount "143"]

1. e4 c5 2. Nf3 e6 3. d4 cxd4 4. Nxd4 Bc5 5. Nb3 Bb6 6. Nc3 Ne7 7. Qh5 Ng6 8.
Na4 O-O 9. Nxb6 Qxb6 10. Bd3 Nc6 11. O-O Nce5 12. Be3 Qd8 13. f4 Nxd3 14. cxd3
f5 15. e5 b6 16. Nd4 d6 17. Qf3 d5 18. Rfc1 Bd7 19. Bd2 Qe7 20. Qd1 Rac8 21.
Qb3 Rxc1+ 22. Rxc1 Rc8 23. Rxc8+ Bxc8 24. Qc3 Qd7 25. g3 Ne7 26. Kf2 Kf7 27. b3
b5 28. Bc1 Qb7 29. Ba3 Bd7 30. Qc5 Be8 31. Qxe7+ Qxe7 32. Bxe7 Kxe7 33. b4 a6
34. Ke3 Bd7 35. Nb3 Kd8 36. Kd4 Kc7 37. Kc5 g6 38. Nd4 h6 39. h3 h5 40. Nf3 Be8
41. Ng5 Bd7 42. Nf7 Be8 43. Ng5 Bd7 44. Nh7 Be8 45. Nf6 Bc6 46. d4 Ba8 47. Nh7
Bc6 48. Nf8 Bd7 49. Nxd7 Kxd7 50. Kb6 a5 51. Kxa5 g5 52. h4 gxf4 53. gxf4 Kc6
54. Ka6 Kc7 55. Kxb5 Kb7 56. Kc5 Kc7 57. a4 Kb7 58. b5 Kc7 59. a5 Kb7 60. Kd6
Kc8 61. Kxe6 Kb7 62. Kxd5 Kc8 63. e6 Kd8 64. a6 Kc7 65. a7 Kb7 66. b6 Ka8 67.
e7 Kb7 68. e8=R Kxb6 69. a8=R Kc7 70. Kc5 Kd7 71. d5 Kc7 72. Re7# 1-0

[Event "Championnat de France des Jeunes - Pupil"]
[Site "TROYES"]
[Date "2010.04.12"]
[Round "3.2"]
[White "Rodriguez, Adrien"]
[Black "Msellek, Ilyass"]
[Result "0-1"]
[WhiteElo "1797"]
[BlackElo "1970"]
[PlyCount "64"]
[EventDate "2010.??.??"]

1. d4 Nf6 2. Nf3 g6 3. c4 Bg7 4. Nc3 O-O 5. e4 d6 6. Be2 Na6 7. O-O e5 8. d5
Nh5 9. Ne1 Nf4 10. Bxf4 exf4 11. Qd2 Bh6 12. f3 f5 13. Nd3 Qf6 14. Nf2 Qh4 15.
Qe1 Kh8 16. Nb5 Bd7 17. b4 Qe7 18. Rc1 g5 19. c5 g4 20. cxd6 cxd6 21. exf5 gxf3
22. gxf3 Rae8 23. Ne4 Bxf5 24. Nbxd6 Bh3 25. Rf2 Rd8 26. Bxa6 bxa6 27. Kh1 Rg8
28. Qc3+ Bg7 29. Qc6 Bd4 30. Rfc2 Qg7 31. Ng5 Rxd6 32. Qxd6 Qxg5 0-1

[Event "Championnat de France des Jeunes - Pupil"]
[Site "TROYES"]
[Date "2010.04.12"]
[Round "3.3"]
[White "Rambaldi, Francesco"]
[Black "Fruchard, Cyrille"]
[Result "1-0"]
[WhiteElo "1952"]
[BlackElo "1730"]
[PlyCount "53"]
[EventDate "2010.??.??"]

1. e4 e6 2. d4 d5 3. Nc3 Bb4 4. e5 Ne7 5. a3 Bxc3+ 6. bxc3 c5 7. Qg4 Ng6 8. h4
h5 9. Qg3 Nc6 10. Bd3 Nce7 11. Nh3 cxd4 12. cxd4 Qc7 13. O-O Kf8 14. Ng5 Nf5
15. Bxf5 exf5 16. Bd2 a5 17. Rab1 b6 18. Rb2 Qc4 19. e6 Bxe6 20. Nxe6+ fxe6 21.
Qxg6 Qxd4 22. c3 Qxh4 23. Rxb6 Qg4 24. Qxe6 Re8 25. Qd6+ Kg8 26. Qxd5+ Kh7 27.
Qf7 1-0

[Event "Championnat de France des Jeunes - Pupil"]
[Site "TROYES"]
[Date "2010.04.12"]
[Round "3.4"]
[White "Alinc, Dimitri"]
[Black "Venou, Randjit"]
[Result "1-0"]
[WhiteElo "1772"]
[BlackElo "1950"]
[PlyCount "95"]
[EventDate "2010.??.??"]

1. e4 e5 2. Nf3 Nc6 3. Bc4 Bc5 4. c3 Nf6 5. d4 exd4 6. cxd4 Bb4+ 7. Bd2 Bxd2+
8. Nbxd2 d5 9. exd5 Nxd5 10. Qb3 Nce7 11. O-O c6 12. Ne4 O-O 13. Rae1 h6 14.
Ne5 Rb8 15. Bxd5 Qxd5 16. Qxd5 Nxd5 17. Nd6 Be6 18. f4 Nb4 19. f5 Bc8 20. f6
Be6 21. Nf5 Bxf5 22. Rxf5 g6 23. Rf3 Rbd8 24. Re4 Rfe8 25. Rb3 c5 26. dxc5 Nd3
27. Rxb7 Rxe5 28. Rxe5 Nxe5 29. Rxa7 Rb8 30. b3 Nd3 31. c6 Rc8 32. Rd7 Ne5 33.
Rd5 Nxc6 34. Rc5 Na7 35. Rxc8+ Nxc8 36. Kf2 Kf8 37. Ke3 Ke8 38. Kd4 Kd7 39. Kd5
Nb6+ 40. Kc5 Kc7 41. a4 Nd7+ 42. Kd5 Nxf6+ 43. Kc5 Nd7+ 44. Kd5 f5 45. a5 f4
46. b4 g5 47. b5 h5 48. h3 1-0

[Event "Championnat de France des Jeunes - Pupil"]
[Site "TROYES"]
[Date "2010.04.12"]
[Round "3.5"]
[White "Haussernot, Cecile"]
[Black "Devoille, Hugo"]
[Result "1-0"]
[WhiteElo "1949"]
[BlackElo "1704"]
[PlyCount "61"]
[EventDate "2010.??.??"]

1. e4 c5 2. Nc3 e6 3. Nge2 Nc6 4. g3 d5 5. d3 h6 6. Bg2 Nf6 7. O-O Be7 8. f4
O-O 9. h3 d4 10. Nb1 b5 11. g4 e5 12. f5 c4 13. Nd2 Ba6 14. Nf3 Nd7 15. b3 Rc8
16. a3 cxd3 17. cxd3 b4 18. Ng3 bxa3 19. Bxa3 Bxa3 20. Rxa3 Nc5 21. Ne1 Nb4 22.
f6 Nbxd3 23. fxg7 Kxg7 24. Nh5+ Kh7 25. Rxa6 Nxa6 26. Nxd3 f6 27. Qf3 Rc6 28.
Qf5+ Kh8 29. Qg6 Qe7 30. Qxh6+ Kg8 31. Nxe5 1-0

[Event "Championnat de France des Jeunes - Pupil"]
[Site "TROYES"]
[Date "2010.04.12"]
[Round "3.6"]
[White "Toenz, Antoine"]
[Black "Grezels, Florian"]
[Result "1/2-1/2"]
[WhiteElo "1710"]
[BlackElo "1874"]
[PlyCount "91"]
[EventDate "2010.??.??"]

1. e4 d6 2. Nc3 Nf6 3. Bc4 e5 4. d3 Nc6 5. Nge2 Be6 6. Bxe6 fxe6 7. h3 Be7 8.
O-O O-O 9. Qe1 Nd4 10. Nxd4 exd4 11. Ne2 e5 12. f4 Nd7 13. f5 Bg5 14. g4 Bxc1
15. Rxc1 Qg5 16. Ng3 Nf6 17. Kh2 Qh4 18. Kg2 Rfe8 19. Nh5 Qg5 20. Nxf6+ Qxf6
21. Qb4 b6 22. Qc4+ Qf7 23. Qxf7+ Kxf7 24. Kf3 c5 25. b3 Rac8 26. a4 a6 27. Ke2
b5 28. a5 Rc7 29. Kd2 Rec8 30. Rfe1 Ke7 31. Rf1 Kf6 32. h4 h6 33. Rg1 c4 34. b4
Ke7 35. g5 h5 36. Rgf1 Kd7 37. f6 gxf6 38. gxf6 cxd3 39. cxd3 Rxc1 40. Rxc1
Rxc1 41. Kxc1 Ke6 42. f7 Kxf7 43. Kd2 Ke6 44. Ke2 d5 45. Kd2 Ke7 46. Ke1
1/2-1/2

[Event "Championnat de France des Jeunes - Pupil"]
[Site "TROYES"]
[Date "2010.04.12"]
[Round "3.7"]
[White "Froment, Theophile"]
[Black "Fort, Adelin"]
[Result "1-0"]
[WhiteElo "1834"]
[BlackElo "1481"]
[PlyCount "91"]
[EventDate "2010.??.??"]

1. e4 c5 2. Nf3 d6 3. d4 cxd4 4. Qxd4 Nc6 5. Bb5 Bd7 6. Bxc6 Bxc6 7. Nc3 Nf6 8.
Bg5 g6 9. Bxf6 exf6 10. O-O-O Bh6+ 11. Kb1 Bf4 12. Rhe1 O-O 13. Qd3 Qb6 14. Nd4
Rad8 15. g3 Be5 16. f4 Bxd4 17. Qxd4 Qxd4 18. Rxd4 Rfe8 19. Red1 Re6 20. b3 h5
21. Kb2 Kg7 22. b4 b6 23. h3 Rd7 24. g4 hxg4 25. hxg4 Ree7 26. b5 Bb7 27. a3 g5
28. f5 Rc7 29. R1d3 Kh7 30. Kc1 Kg7 31. Kd2 Re8 32. a4 Rce7 33. Re3 d5 34. Kd3
Re5 35. Nxd5 Bxd5 36. Rxd5 R8e7 37. Kd4 Rc7 38. c4 Kf8 39. Rc3 Rce7 40. Rxe5
fxe5+ 41. Kd5 Ke8 42. c5 bxc5 43. Rxc5 Kd8 44. Kd6 f6 45. Rc8+ Kxc8 46. Kxe7
1-0

[Event "Championnat de France des Jeunes - Pupil"]
[Site "TROYES"]
[Date "2010.04.12"]
[Round "3.8"]
[White "Delpierre, Elie"]
[Black "Ek, Alexandre"]
[Result "0-1"]
[WhiteElo "1685"]
[BlackElo "1833"]
[PlyCount "42"]
[EventDate "2010.??.??"]

1. d4 Nf6 2. c4 g6 3. Nc3 d5 4. cxd5 Nxd5 5. e4 Nxc3 6. bxc3 c5 7. Nf3 Bg7 8.
Be3 O-O 9. Bc4 Nc6 10. O-O Bg4 11. e5 Rc8 12. Rc1 Bxf3 13. gxf3 cxd4 14. cxd4
Na5 15. Qe2 Qd7 16. Bb5 Qd5 17. f4 a6 18. Bd3 Nc6 19. Bc4 Nxd4 20. Bxd4 Qxd4
21. Qe3 Rxc4 0-1

[Event "Championnat de France des Jeunes - Pupil"]
[Site "TROYES"]
[Date "2010.04.12"]
[Round "3.9"]
[White "Bouvet, Florian"]
[Black "Duval, Thomas"]
[Result "1/2-1/2"]
[WhiteElo "1665"]
[BlackElo "1810"]
[PlyCount "39"]
[EventDate "2010.??.??"]

1. e4 e6 2. d4 d5 3. exd5 exd5 4. Bd3 Bd6 5. c3 Ne7 6. Be3 O-O 7. Nf3 Bf5 8.
O-O Bxd3 9. Qxd3 Nd7 10. Nbd2 Nf6 11. Rfe1 h6 12. h3 Ng6 13. Rad1 Re8 14. Nh2
c6 15. Nhf1 Qc7 16. Re2 Re7 17. Rde1 Rae8 18. b4 Bf4 19. a3 Bxe3 20. Rxe3
1/2-1/2